UM Logo

The humanities/ (Record no. 7858)

MARC details
000 -LEADER
fixed length control field 00594nam a2200181 4500
008 - FIXED-LENGTH DATA ELEMENTS--GENERAL INFORMATION
fixed length control field 171204b xxu||||| |||| 00| 0 eng d
020 ## - INTERNATIONAL STANDARD BOOK NUMBER
International Standard Book Number 0070179719
082 ## - DEWEY DECIMAL CLASSIFICATION NUMBER
Edition number 1978
Classification number DC 700.1
Item number D86
100 ## - MAIN ENTRY--PERSONAL NAME
9 (RLIN) 23897
Personal name Dudley, Louise, author.
245 ## - TITLE STATEMENT
Title The humanities/
Statement of responsibility, etc. Louise Dudley and Austin Faricy.
250 ## - EDITION STATEMENT
Edition statement Sixth edition.
260 ## - PUBLICATION, DISTRIBUTION, ETC. (IMPRINT)
Place of publication, distribution, etc. New York :
Name of publisher, distributor, etc. McGraw-Hill Book Company,
Date of publication, distribution, etc. © 1978.
300 ## - PHYSICAL DESCRIPTION
Extent vii,536 pages :
Other physical details illustrations ;
Dimensions 26 cm.
500 ## - GENERAL NOTE
General note Includes glossary, bibliography and index.
650 #0 - SUBJECT ADDED ENTRY--TOPICAL TERM
9 (RLIN) 23898
Topical term or geographic name as entry element Arts.
700 ## - ADDED ENTRY--PERSONAL NAME
9 (RLIN) 23901
Personal name Faricy, Austin, author.
942 ## - ADDED ENTRY ELEMENTS (KOHA)
Source of classification or shelving scheme Dewey Decimal Classification
Koha item type Circulation

No items available.